000
00184nam a2200073Ia 4500
008
170524s9999 xx 000 0 und d
100
_a
GOEL- B. K.
245
0
_a
MECHANICAL ENGINEERING DRAWING
260
_b
BHARAT BHARTI
999
_c
7723
_d
7723